000 00533nam a2200193 a 4500
001 1771063879209
003 YourLibrary
005 20260214154420.0
008 260214s2008##################000#0#eng##
020 _a9781844076963
082 0 4 _a307.76
_bHAB
100 1 _aProgramme, United Nations Human Settlements,
_eauthor.
245 1 0 _aState of the World's Cities 2008/2009 :
260 _bRoutledge,
_c2008.
300 _a284 pages
650 0 _aArchitecture.
942 _cENGLISH
040 _aYourLibrary
_beng
_cYourLibrary
999 _c612422
_d612422